[Event "RSA-ch U18"]
[Site "Bloemfontein"]
[Date "2016.03.24"]
[Round "9"]
[White "Frank, Daniel"]
[Black "Podmore, Duncan"]
[Result "1/2-1/2"]
[WhiteElo "1375"]
[BlackElo "1701"]
[PlyCount "29"]
[EventDate "2016.03.20"]
[EventType "swiss"]
[EventRounds "11"]
[EventCountry "RSA"]
[SourceTitle "CBM 171 Extra"]
[Source "ChessBase"]
[SourceDate "2016.04.26"]
[SourceVersion "1"]
[SourceVersionDate "2016.04.26"]
[SourceQuality "1"]

1. e4 d6 2. Nf3 Nf6 3. Nc3 g6 4. d3 Bg7 5. g3 0-0 6. Bg2 c5 7. 0-0 Nc6 8. Re1 e5 9. Bd2 Be6 10. Ng5 Bd7 11. f4 Bg4 12. Nf3 Qd7 13. Ne2 Rae8 14. c3 d5 15. exd5 1/2-1/2

[Event "RSA-ch U18"]
[Site "Bloemfontein"]
[Date "2016.03.24"]
[Round "8"]
[White "Podmore, Duncan"]
[Black "Masiya, Mfundo"]
[Result "1/2-1/2"]
[WhiteElo "1701"]
[BlackElo "1211"]
[PlyCount "37"]
[EventDate "2016.03.20"]
[EventType "swiss"]
[EventRounds "11"]
[EventCountry "RSA"]
[SourceTitle "CBM 171 Extra"]
[Source "ChessBase"]
[SourceDate "2016.04.26"]
[SourceVersion "1"]
[SourceVersionDate "2016.04.26"]
[SourceQuality "1"]

1. Nf3 Nf6 2. g3 g6 3. b4 Bg7 4. Bb2 0-0 5. Bg2 c6 6. 0-0 d6 7. d3 Qb6 8. a3 a5 9. Nbd2 axb4 10. Nc4 Qb5 11. axb4 Rxa1 12. Qxa1 Na6 13. Nxd6 exd6 14. Bxf6 Bxf6 15. Qxf6 Qxb4 16. h4 Nc7 17. h5 Nd5 18. Qg5 Qg4 19. hxg6 1/2-1/2

[Event "RSA-ch U18"]
[Site "Bloemfontein"]
[Date "2016.03.22"]
[Round "4"]
[White "Podmore, Duncan"]
[Black "King, Eduard Norman"]
[Result "1/2-1/2"]
[WhiteElo "1701"]
[BlackElo "1516"]
[PlyCount "48"]
[EventDate "2016.03.20"]
[EventType "swiss"]
[EventRounds "11"]
[EventCountry "RSA"]
[SourceTitle "CBM 171 Extra"]
[Source "ChessBase"]
[SourceDate "2016.04.26"]
[SourceVersion "1"]
[SourceVersionDate "2016.04.26"]
[SourceQuality "1"]

1. Nf3 d5 2. g3 c6 3. Bg2 Nd7 4. 0-0 e5 5. d3 Bd6 6. e4 Ngf6 7. Nc3 0-0 8. Nh4 Bc5 9. exd5 cxd5 10. Nxd5 Nxd5 11. Bxd5 Nf6 12. Bg2 Qb6 13. h3 Re8 14. c3 Bd7 15. Qc2 Rad8 16. Re1 Bb5 17. Bf1 Nh5 18. Be3 Nxg3 19. Bxc5 Qxc5 20. d4 Rxd4 21. Bxb5 Red8 22. Rad1 Qd5 23. fxg3 Rxd1 24. Rxd1 Qxd1+ 1/2-1/2

[Event "RSA-ch U18"]
[Site "Bloemfontein"]
[Date "2016.03.21"]
[Round "2"]
[White "Podmore, Duncan"]
[Black "Sikwati, Lizo"]
[Result "1/2-1/2"]
[WhiteElo "1701"]
[BlackElo "1473"]
[PlyCount "44"]
[EventDate "2016.03.20"]
[EventType "swiss"]
[EventRounds "11"]
[EventCountry "RSA"]
[SourceTitle "CBM 171 Extra"]
[Source "ChessBase"]
[SourceDate "2016.04.26"]
[SourceVersion "1"]
[SourceVersionDate "2016.04.26"]
[SourceQuality "1"]

1. Nf3 d5 2. g3 Nc6 3. d4 Bg4 4. Bg2 Qd7 5. 0-0 Bh3 6. Bxh3 Qxh3 7. c4 dxc4 8. Qa4 Nf6 9. Nbd2 Qd7 10. Nxc4 e6 11. Rd1 Be7 12. Bg5 0-0 13. Bc1 Bd8 14. a3 a6 15. Qc2 Rc8 16. e4 Qe8 17. Ra2 h6 18. Be3 Ng4 19. h3 Nxe3 20. Nxe3 Qd7 21. Qb3 Na5 22. Qa4 Nc6 1/2-1/2

[Event "RSA-ch U18"]
[Site "Bloemfontein"]
[Date "2016.03.21"]
[Round "3"]
[White "Tshabalala, Ernest"]
[Black "Podmore, Duncan"]
[Result "1-0"]
[WhiteElo "1842"]
[BlackElo "1701"]
[PlyCount "48"]
[EventDate "2016.03.20"]
[EventType "swiss"]
[EventRounds "11"]
[EventCountry "RSA"]
[SourceTitle "CBM 171 Extra"]
[Source "ChessBase"]
[SourceDate "2016.04.26"]
[SourceVersion "1"]
[SourceVersionDate "2016.04.26"]
[SourceQuality "1"]

1. e4 d6 2. Nf3 Nf6 3. Nc3 g6 4. Bc4 Bg7 5. 0-0 0-0 6. d4 Bg4 7. h3 Bxf3 8. Qxf3 Nc6 9. Be3 e5 10. d5 Ne7 11. Rad1 Nh5 12. Qg4 f5 13. exf5 Nf6 14. Qe2 Nxf5 15. Bc1 Nh5 16. Ne4 Nf4 17. Bxf4 exf4 18. c3 Qh4 19. Qe3 Rae8 20. Rfe1 Re7 21. Re2 Ref7 22. Rde1 Be5 23. Nc5 Qf6 24. Ne6 Nh4 1-0

[Event "RSA-chT U18"]
[Site "Cape Town"]
[Date "2016.01.06"]
[Round "5.2"]
[White "Goldberg, Shmuel"]
[Black "Podmore, Duncan"]
[Result "1-0"]
[WhiteElo "1683"]
[BlackElo "1613"]
[PlyCount "55"]
[EventDate "2016.01.04"]
[EventType "team-tourn"]
[EventRounds "7"]
[EventCountry "RSA"]
[SourceTitle "CBM 170 Extra"]
[Source "ChessBase"]
[SourceDate "2016.02.25"]
[SourceVersion "1"]
[SourceVersionDate "2016.02.25"]
[SourceQuality "1"]
[WhiteTeam "Johannesburg Metro"]
[BlackTeam "Ethekwini"]
[WhiteTeamCountry "RSA"]
[BlackTeamCountry "RSA"]

1. e4 e5 2. Nf3 d6 3. d4 Nd7 4. Bc4 Be7 5. Nc3 Ngf6 6. 0-0 0-0 7. h3 c6 8. a4 a5 9. Re1 h6 10. Bd3 Re8 11. Ne2 Qc7 12. c3 d5 13. dxe5 Nxe4 14. Ned4 Nec5 15. Bc2 Bf8 16. Bf4 Nb6 17. b3 Ne6 18. Nxe6 Bxe6 19. Nd4 Qd7 20. Re3 Bc5 21. Rb1 Kh8 22. Qd3 g6 23. Bxh6 Kh7 24. Bg5 Be7 25. Bf6 Bxf6 26. exf6 c5 27. Rg3 Kg8 28. Nxe6 1-0

[Event "RSA-chT U18"]
[Site "Cape Town"]
[Date "2016.01.04"]
[Round "2.2"]
[White "Podmore, Duncan"]
[Black "Tshabalala, Ernest"]
[Result "0-1"]
[WhiteElo "1613"]
[BlackElo "1793"]
[PlyCount "46"]
[EventDate "2016.01.04"]
[EventType "team-tourn"]
[EventRounds "7"]
[EventCountry "RSA"]
[SourceTitle "CBM 170 Extra"]
[Source "ChessBase"]
[SourceDate "2016.02.25"]
[SourceVersion "1"]
[SourceVersionDate "2016.02.25"]
[SourceQuality "1"]
[WhiteTeam "Ethekwini"]
[BlackTeam "Tshwane"]
[WhiteTeamCountry "RSA"]
[BlackTeamCountry "RSA"]

1. Nf3 Nf6 2. g3 c5 3. Bg2 Nc6 4. 0-0 d5 5. d3 e5 6. e4 dxe4 7. dxe4 Qxd1 8. Rxd1 Bg4 9. Re1 Be7 10. c3 0-0 11. Nbd2 b5 12. h3 Be6 13. Ng5 Bd7 14. Nf1 h6 15. Nf3 Rad8 16. Nh4 Rfe8 17. Nf5 Bf8 18. Bd2 Be6 19. b3 Rd7 20. Rad1 Red8 21. N5e3 Rd3 22. Bc1 Rxc3 23. Rxd8 Nxd8 0-1